000 00433nam a2200157Ia 4500
008 240729s9999 xx 000 0 und d
022 _a1076-9803
245 0 _aNew York Journal of Mathematics
260 _aUnited States
260 _bState University of New York at Albany
650 _a Mathematics
650 _aScience
856 _uhttps://doaj.org/toc/55714052f3c540af9896dd296c9b3619
942 _2ddc
942 _cDOAJEJ
999 _c72073
_d72073
945 _a1
_bMadushi Gamage
_c1
_dMadushi Gamage